Literature on the history of physics in the 20th century

Bibliographic Details
Main Author: Heilbron, J. L. (Author)
Format: Book
Language:Undetermined
PhysicalDescription:485 s.
Published: California Univesity of California 1981

MARC

LEADER 00000nam a2200000 a 4500
001 vtls001331138
003 SK-MaSNL
005 20260301160226.0
008 240314s1981 xx 0 und
035 |a SNK000284014 
040 |a SNK  |b slo  |c SNK  |e AACR2 
100 1 |a Heilbron, J. L.  |4 aut  |9 521483 
245 1 0 |a Literature on the history of physics in the 20th century 
260 |a California  |b Univesity of California  |c 1981 
300 |a 485 s. 
958 |a OND 
999 |c 804571  |d 806501 
952 |t P60, <04>, [BOOK], {604}  |a SNK  |b SNK  |y VYP  |7 0  |p 17A0140096  |o snkIC 95790  |0 0  |1 0  |4 0  |d 1998-05-14  |l 0  |r 2005-01-02 00:00:00  |w 2026-02-24